Goldmile Properties Ltd v Speiro Lechouritis (Record no. 72238)

MARC details
000 -LEADER
fixed length control field 01840cam a2200301 4500
001 - CONTROL NUMBER
control field ABS66449
008 - FIXED-LENGTH DATA ELEMENTS--GENERAL INFORMATION
fixed length control field 030306n2003 000 0 eng u
035 ## - SYSTEM CONTROL NUMBER
System control number (Sirsi) u121537
245 ## - TITLE STATEMENT
Title Goldmile Properties Ltd v Speiro Lechouritis
260 ## - PUBLICATION, DISTRIBUTION, ETC.
Date of publication, distribution, etc. 2003
490 ## - SERIES STATEMENT
Series statement Estates Gazette
Volume/sequential designation [2003] EG 121 (CS)
490 ## - SERIES STATEMENT
Series statement Estates Gazette
Volume/sequential designation [2003] 15 EG 143-146(4)
520 ## - SUMMARY, ETC.
Summary, etc. [2003] EWCA Civ 49, 29 January 2003. The claimant (S) the lessee, ran a restaurant business. The lease contained a covenant for quiet enjoyment in favour of S and a covenant by the landlord G to repair parts of the building which were not the responsibility of S. In 1997 G carried out repair works which severely disrupted S's restaurant business and S made a claim against G for loss of profit. The district judge found for G on the basis that the repairs were necessary and there was no breach of the covenant for quiet enjoyment. On S's appeal the decision was reversed. G appealed. The issue was whether G had to take all reasonable precautions or all possible precautions. CA held that G had taken all reasonable steps to respect S's contractual interests. Appeal allowed. Judgment of district judge dismissing claim restored. View judgment at www.courtservice.gov.uk.
590 ## - LOCAL NOTE (RLIN)
Local note ABS
650 ## - SUBJECT ADDED ENTRY--TOPICAL TERM
Topical term or geographic name entry element GOLDMILE PROPERTIES LTD V SPEIRO LECHOURITIS
650 ## - SUBJECT ADDED ENTRY--TOPICAL TERM
Topical term or geographic name entry element BUSINESS TENANCIES
650 ## - SUBJECT ADDED ENTRY--TOPICAL TERM
Topical term or geographic name entry element COVENANT FOR QUIET ENJOYMENT
650 ## - SUBJECT ADDED ENTRY--TOPICAL TERM
Topical term or geographic name entry element SERVICE CHARGES
650 ## - SUBJECT ADDED ENTRY--TOPICAL TERM
Topical term or geographic name entry element DISTURBANCE
650 ## - SUBJECT ADDED ENTRY--TOPICAL TERM
Topical term or geographic name entry element BUILDING WORKS
650 ## - SUBJECT ADDED ENTRY--TOPICAL TERM
Topical term or geographic name entry element REPAIRING COVENANTS
650 ## - SUBJECT ADDED ENTRY--TOPICAL TERM
Topical term or geographic name entry element DISRUPTION TO BUSINESS
650 ## - SUBJECT ADDED ENTRY--TOPICAL TERM
Topical term or geographic name entry element INTERPRETATION
650 ## - SUBJECT ADDED ENTRY--TOPICAL TERM
Topical term or geographic name entry element REASONABLE STEPS
690 ## - LOCAL SUBJECT ADDED ENTRY--TOPICAL TERM (OCLC, RLIN)
Topical term or geographic name as entry element LANDLORD AND TENANT-BUSINESS TENANCIES-CASE LAW
856 ## - ELECTRONIC LOCATION AND ACCESS
Uniform Resource Identifier <a href="https://www.bailii.org/ew/cases/EWCA/Civ/2003/49.html">https://www.bailii.org/ew/cases/EWCA/Civ/2003/49.html</a>
Public note View the judgment free of charge at www.bailli.org
942 ## - ADDED ENTRY ELEMENTS (KOHA)
Suppress in OPAC 0
Holdings
Withdrawn status Lost status Source of classification or shelving scheme Damaged status Not for loan Home library Current library Shelving location Date acquired Total Checkouts Full call number Barcode Date last seen Copy number Price effective from Koha item type
    Dewey Decimal Classification     London London Journal article 06/03/2003   ABS66449 121537-1001 06/08/2019 1 06/08/2019 Law report